| 000 | 00651cam a2200145 4500500 | ||
|---|---|---|---|
| 005 | 20260329011003.0 | ||
| 041 | _afre | ||
| 042 | _adc | ||
| 100 | 1 | 0 |
_aVittu, Jean-Pierre _eauthor |
| 245 | 0 | 0 | _aAlbertan, Christian, Les Mémoires de Trévoux 1751-1762. Un moment dans l’histoire religieuse et intellectuelle de la France du xviii e siècle, Paris, Honoré Champion, « Les Dix-huitièmes siècles », 2020, 3 vol. |
| 260 | _c2023. | ||
| 500 | _a13 | ||
| 786 | 0 | _nDix-huitième siècle | 55 | 1 | 2023-05-09 | p. 592-595 | 0070-6760 | |
| 856 | 4 | 1 | _uhttps://shs.cairn.info/revue-dix-huitieme-siecle-2023-1-page-592?lang=fr&redirect-ssocas=7080 |
| 999 |
_c1857561 _d1857561 |
||